|
|
|
|
| LEADER |
00000nab a2200000 a 4500 |
| 001 |
vtls000040319 |
| 003 |
SK-MaSNL |
| 005 |
20260319073629.0 |
| 008 |
140430c1979 xo 0 rus |
| 015 |
|
|
|a SNBRB19rr/mm-uuuuu
|
| 035 |
|
|
|a CL0050414
|
| 040 |
|
|
|a SNKBUCL
|b slo
|c SNKBUCL
|e AACR2
|
| 041 |
0 |
|
|a rus
|
| 044 |
|
|
|a xo
|c SK
|
| 080 |
|
|
|a 576
|2 1981
|
| 080 |
|
|
|a 616.9
|2 1981
|
| 245 |
0 |
0 |
|a Vydelenije virusa Tetnang ot kleščej, komarov i melkich gryzunov ; O. Kožuch, J. Nosek, M. Grešíková, M. Labuda, M. Sekeyová, J. Chmela
|
| 300 |
|
|
|b Tb. 1.
|
| 650 |
0 |
7 |
|a vírusy
|2 snkbucl
|9 687
|
| 650 |
0 |
7 |
|a Tetnang vírus
|2 snkbucl
|9 1006651
|
| 655 |
|
7 |
|a články z novín a časopisov
|2 snkbucl
|9 267496
|
| 700 |
1 |
|
|a Kožuch, Oto,
|d 1934-1999
|4 aut
|9 160439
|
| 700 |
1 |
|
|a Nosek, J.
|4 aut
|9 409948
|
| 700 |
1 |
|
|a Grešíková, Milota,
|d 1928-
|4 aut
|9 213810
|
| 700 |
1 |
|
|a Labuda, Milan,
|d 1945-2007
|4 aut
|9 37060
|
| 700 |
1 |
|
|a Sekeyová, M.
|4 aut
|9 922467
|
| 700 |
1 |
|
|a Chmela, J.
|4 aut
|9 1006652
|
| 773 |
0 |
|
|t Acta virologica
|g Roč. 23, č. 1 (1979), s. 86-88
|
| 850 |
|
|
|a Slovenská národná knižnica v Martine
|a MTA001
|
| 852 |
|
|
|a SNK
|b KIS3GCP
|
| 958 |
|
|
|a RK
|
| 992 |
|
|
|a RBX
|
| 999 |
|
|
|c 1635627
|d 1637557
|